Les joueurs les plus capés des grands clubs européens - Statistiques

Statistiques générales
  • Ce quiz a été pris 38 fois
  • Le résultat moyen est 8 sur 22
Statistiques - réponses
Club Joueur le plus capé % Correct
AS Roma Francesco Totti
88%
FC Barcelone Lionel Messi
88%
AC Milan Paolo Maldini
81%
Bayern Munich Thomas Müller
78%
Manchester United Ryan Giggs
63%
Paris Saint-Germain Marquinhos
59%
Atletico Madrid Koke
53%
Inter Milan Javier Zanetti
50%
Real Madrid Raúl
47%
Juventus Turin Alessandro Del Piero
44%
Olympique de Marseille Steve Mandanda
38%
Napoli Marek Hamšík
31%
RB Leipzig Yussuf Poulsen
16%
Liverpool Ian Callaghan
6%
Olympique lyonnais Serge Chiesa
6%
AS Monaco Jean-Luc Ettori
3%
Bayer Leverkusen Rüdiger Vollborn
3%
Manchester City Alan Oakes
0%
Arsenal David O'Leary
0%
Borussia Dortmund Michael Zorc
0%
Chelsea Ron Harris
0%
Tottenham Steve Perryman
0%
Aucun quiz correspondant
Distribution des résultats
% des personnes avec chaque résultat
Percentile par nombre de réponses
Votre historique - résultats
Vous n’avez pas pris ce quiz